Cartas críticas que escribió el Rmo. Padre Maestro Fr. Francisco Alvarado, del Orden de Predicadores : (Record no. 23060)
[ view plain ]
| 000 -LEADER | |
|---|---|
| campo de control de longitud fija | 01456nam a2200217 i 4500 |
| 001 - NÚMERO DE CONTROL | |
| campo de control | 23060 |
| 003 - IDENTIFICADOR DE NÚMERO DE CONTROL | |
| campo de control | ES-MaACL |
| 005 - FECHA Y HORA DE LA ÚLTIMA TRANSACCIÓN | |
| campo de control | 20250907063035.0 |
| 007 - CAMPO FIJO DE DESCRIPCIÓN FÍSICA--INFORMACIÓN GENERAL | |
| campo de control de longitud fija | t| |
| 008 - DATOS DE LONGITUD FIJA--INFORMACIÓN GENERAL | |
| campo de control de longitud fija | 021209m18241825sp ||||1| spa d |
| 100 1# - ENTRADA PRINCIPAL--NOMBRE DE PERSONA | |
| Nombre de persona | Alvarado, Francisco, |
| Fechas asociadas al nombre | 1756-1814 |
| 9 (RLIN) | 20590 |
| 245 10 - MENCIÓN DEL TÍTULO | |
| Título | Cartas críticas que escribió el Rmo. Padre Maestro Fr. Francisco Alvarado, del Orden de Predicadores : |
| Resto del título | ó sea El Filósofo Rancio, en las que ... se impugnan las doctrinas ... de los nuevos reformadores y se descubren sus perversos designios contra la Religión y el Estado ... ; tomo I [-tomo V]. |
| 260 ## - PUBLICACIÓN, DISTRIBUCIÓN, ETC. | |
| Lugar de publicación, distribución, etc. | Madrid : |
| Nombre del editor, distribuidor, etc. | [s.n.], |
| Fecha de publicación, distribución, etc. | 1824-25 ( |
| Fabricante | E. Aguado) |
| 300 ## - DESCRIPCIÓN FÍSICA | |
| Extensión | 6 pt. en 5 t. ; |
| Dimensiones | 21 cm. |
| 505 8# - NOTA DE CONTENIDO CON FORMATO | |
| Nota de contenido con formato | Suplemento a las XLVII cartas del Filósofo Rancio : contiene un diálogo entre dos canonigos de Sevilla, y dos artículos comunicados al Procurador General del Rey de la Nacion / por el mismo autor , (en Tomo IV con portada y paginación propias) -- t. 5. Cartas filosóficas que bajo el supuesto nombre de Aristóteles / escribió ... Fray Francisco Alvarado conocido ya comunmente por el Filósofo rancio ... ; las da a luz con las cuarenta y siete anteriores el Rmo. Padre Vicario General del Órden de Santo Domingo |
| 593 ## - | |
| -- | Filósofo Rancio es seudónimo de Francisco Alvarado. |
| 596 ## - NOTA AL PIE DE IMPRENTA | |
| NOTA AL PIE DE IMPRENTA | Tomos I-II (1824) ; Tomos III-V (1825) |
| 650 04 - PUNTO DE ACCESO ADICIONAL DE MATERIA--TÉRMINO DE MATERIA | |
| Término de materia o nombre geográfico como elemento de entrada | Liberalismo- |
| Subdivisión geográfica | España- |
| Subdivisión cronológica | S.XIX. |
| 9 (RLIN) | 14390 |
| 852 ## - LOCALIZACIÓN | |
| Ubicación | ES-MaACL |
| Número de control de estantería | G-1120-24 |
| Estatus retirado | Estado de pérdida | Estado de daño | No para préstamo | Colección | Biblioteca de origen | Biblioteca actual | Ubicación en estantería | Fecha de adquisición | Fuente de adquisición | Total de préstamos | Signatura topográfica completa | Código de barras | Visto por última vez | Precio de reemplazo | Tipo de ítem Koha |
|---|---|---|---|---|---|---|---|---|---|---|---|---|---|---|---|
| Libros del s. XIX | Biblioteca del Ateneo de Madrid | Biblioteca del Ateneo de Madrid | Depósito 2 | 17/01/2008 | G-1120-24 | 1023758 | 23/02/2023 | 23/02/2023 | Libro impreso antiguo |
